LEADER 01334nam a2200313 u 4500 001 000000080706 003 CaOOAMICUS 005 20070226123657.0 008 050125s2004 it u000 u ita u 020 $a8831525875 035 $a11023688 040 $aPUL$bita 100 1 $aBellandi, Andrea,$d1960-$0(OLS)http://pul/name/23519 245 12$aL'amore pienezza della fede :$bsolo la carità conosce /$cAndrea Bellandi. 260 $aMilano :$bPaoline,$cc2004. 300 $a214 p. ;$c21 cm 490 1 $aDiaconia alla verità ;$v10 504 $aBibliografia: p. 207-214. 650 4$aFede.$0(OLS)http://pul/subject/668 650 4$aAmore (teologia).$0(OLS)http://pul/subject/20975 830 0$aDiaconia alla verità ;$v10.$0(OLS)http://pul/title/99023 850 $aPUL 852 $aPUL$W1$xSL Religione 1$y3$m62 L 60.10$j103055$nBK-PRI$b $qStampati$B103055$CPULBib$Z2$F103055 $HPUL98596 $81 852 $aPUL$W1$xDP1 Fondo Bordoni$y120$m3 L 38$j167886$qFondi$B176616$CPULBib$Z2$F176616 $HBor1224 $81 941 1 $a1 941 1 $a8 996 $6020$a8831525875$9(OLS)http://pul/number/106847 996 $6245$aL'amore pienezza della fede :$bsolo la carità conosce$9(OLS)http://pul/title/105663 996 $6260$aMilano :$bPaoline$9(OLS)http://pul/publisher/60808 LEADER 01418nam a2200313 a 4500 001 000000122697 003 CaOOAMICUS 005 20100823154356.0 008 100823t2010 it u000 u ita r 020 $a978-88-13-29023-8 040 $aPUL$bita$dReb 082 04$a347.45 100 1 $aBenedettelli, Massimo V.$0(OLS)http://pul/name/77076 245 10$aCommentario breve al diritto dell'arbitrato nazionale ed internazionale /$cMassimo V. Benedettelli, Claudio Consolo, Luca G. Radicati di Brozolo. 260 $aPadova :$bCEDAM,$c2010. 300 $axxxv, 1078 p. ;$c22 cm 490 1 $aBreviaria Iuris ;$v24 500 $aTesto su 2 colonne. 650 4$aArbitrato.$0(OLS)http://pul/subject/20108 700 1 $aRadicati Di Brozolo, Luca G.$0(OLS)http://pul/name/77077 700 1 $aConsolo, Claudio.$0(OLS)http://pul/name/52935 830 0$aBreviaria Iuris ;$v24.$0(OLS)http://pul/title/8521 850 $aPUL 852 $aPUL$W1$xDP2 Diritto e Scienze Sociali 3$y110$m348. 45 COD 1.1.7$j140928$qDDC 21$B140008$CPULBib$Z2$F140008 $H114519 $82 941 1 $a9 996 $6020$a978-88-13-29023-8$9(OLS)http://pul/number/145127 996 $6082$a347.45$9(OLS)http://pul/classification/384 996 $6245$aCommentario breve al diritto dell'arbitrato nazionale ed internazionale$9(OLS)http://pul/title/154654 996 $6260$aPadova :$bCEDAM$9(OLS)http://pul/publisher/48126